[Event "Frankfurt-chA"]
[Site "Frankfurt"]
[Date "2014.06.02"]
[Round "6"]
[White "Djakow, Alexander"]
[Black "Blum, Ralph"]
[Result "0-1"]
[WhiteElo "1747"]
[BlackElo "1897"]
[PlyCount "58"]
[EventDate "2014.04.28"]
[EventType "swiss"]
[EventRounds "7"]
[EventCountry "GER"]
[SourceTitle "EXT 2015"]
[Source "ChessBase"]
[SourceDate "2014.11.20"]
[SourceVersion "1"]
[SourceVersionDate "2014.11.20"]
[SourceQuality "1"]

1. d4 e6 2. c4 f5 3. Nc3 Nf6 4. Bf4 d6 5. e3 Be7 6. Bd3 0-0 7. Nf3 Qe8 8. 0-0 h6 9. h3 g5 10. Bh2 Qg6 11. Nd2 Nc6 12. Nb5 Bd8 13. Re1 a6 14. Nc3 e5 15. dxe5 dxe5 16. Nd5 Be6 17. Qb3 Rb8 18. Qc3 e4 19. Bxc7 Nxd5 20. cxd5 Bxc7 21. Bc4 Ba5 22. Qc2 b5 23. dxe6 bxc4 24. Qxc4 Bxd2 25. Red1 Na5 26. Qxa6 Ra8 27. Qe2 Bb4 28. a3 Be7 29. b4 Qxe6 0-1

[Event "Frankfurt-chA"]
[Site "Frankfurt"]
[Date "2014.05.19"]
[Round "4"]
[White "Djakow, Alexander"]
[Black "Schmitt, Roland"]
[Result "1-0"]
[WhiteElo "1747"]
[BlackElo "1907"]
[PlyCount "85"]
[EventDate "2014.04.28"]
[EventType "swiss"]
[EventRounds "7"]
[EventCountry "GER"]
[SourceTitle "EXT 2015"]
[Source "ChessBase"]
[SourceDate "2014.11.20"]
[SourceVersion "1"]
[SourceVersionDate "2014.11.20"]
[SourceQuality "1"]

1. d4 d5 2. c4 e6 3. e3 c6 4. Nf3 Nf6 5. Nc3 Nbd7 6. Bd3 dxc4 7. Bxc4 b5 8. Bb3 Bb7 9. 0-0 a6 10. Re1 c5 11. h3 Rc8 12. Bd2 Qc7 13. Rc1 c4 14. Bc2 b4 15. Na4 Bc6 16. e4 Be7 17. d5 exd5 18. exd5 Nxd5 19. Be4 N7f6 20. Bxd5 Nxd5 21. Rxc4 0-0 22. Ne5 Qd6 23. Rd4 Qe6 24. Ng4 Qd6 25. Bxb4 Bxa4 26. Qxa4 Nxb4 27. Rxd6 Bxd6 28. Rd1 Bc5 29. a3 Nc6 30. Rc1 Nd4 31. Rxc5 Ne2+ 32. Kf1 Ng3+ 33. fxg3 Rxc5 34. Kg1 Rd8 35. Ne3 Rc1+ 36. Kh2 h5 37. Qh4 Re8 38. Qg5 g6 39. g4 h4 40. Nf5 Ree1 41. Nxh4 Rc2 42. Nxg6 Rxb2 43. Qd8+ 1-0

[Event "Frankfurt-ch"]
[Site "Frankfurt"]
[Date "2010.05.17"]
[Round "4"]
[White "Djakow, Alexander"]
[Black "Fischer, Ulrich"]
[Result "0-1"]
[WhiteElo "1833"]
[BlackElo "1727"]
[PlyCount "50"]
[EventDate "2010.04.26"]
[EventType "swiss"]
[EventRounds "7"]
[EventCountry "GER"]
[SourceTitle "EXT 2011"]
[Source "ChessBase"]
[SourceDate "2010.11.26"]
[SourceVersion "1"]
[SourceVersionDate "2010.11.26"]
[SourceQuality "1"]

1. d4 d5 2. c4 e6 3. Nc3 c6 4. e3 Nf6 5. Nf3 Nbd7 6. Bd3 dxc4 7. Bxc4 b5 8. Bd3 Bb7 9. 0-0 a6 10. Re1 c5 11. h3 cxd4 12. exd4 Be7 13. Bf4 0-0 14. Qe2 Nd5 15. Nxd5 Bxd5 16. Rac1 Bb4 17. Bxh7+ Kxh7 18. Ng5+ Kg8 19. Qh5 Nf6 20. Qh4 Bxe1 21. Rxe1 Qe7 22. Be5 Rfc8 23. f4 Rc2 24. Bxf6 Rxg2+ 25. Kf1 Qxf6 0-1

[Event "Frankfurt-ch"]
[Site "Frankfurt"]
[Date "2007.06.18"]
[Round "7"]
[White "Djakow, Alexander"]
[Black "Lietzau, Olaf"]
[Result "1/2-1/2"]
[WhiteElo "1813"]
[BlackElo "1665"]
[PlyCount "120"]
[EventDate "2007.04.30"]
[EventType "swiss"]
[EventRounds "7"]
[EventCountry "GER"]
[SourceTitle "EXT 2008"]
[Source "ChessBase"]
[SourceDate "2007.11.25"]
[SourceVersion "1"]
[SourceVersionDate "2007.11.25"]
[SourceQuality "1"]

1. d4 g6 2. c4 d6 3. Nc3 Bg7 4. e4 Nf6 5. Nf3 0-0 6. Be2 Nc6 7. 0-0 a5 8. h3 e5 9. Bg5 h6 10. Bh4 Qd7 11. dxe5 Nxe5 12. Nxe5 dxe5 13. Qc2 c6 14. c5 Qc7 15. Na4 Be6 16. Nb6 Rab8 17. Bf3 Nd7 18. Be7 Nxb6 19. Bxf8 Bxf8 20. cxb6 Qxb6 21. Rfd1 Bc5 22. Qe2 Bd4 23. Rd2 Kg7 24. Bg4 Re8 25. Bxe6 Rxe6 26. Rad1 c5 27. Rd3 Qc6 28. b3 b5 29. Rc1 Qb6 30. Kh1 Qa6 31. Rd2 Rf6 32. f3 Qb6 33. Rdc2 g5 34. Qe1 Kg6 35. Rd1 Kg7 36. Qg3 Rf4 37. Qe1 Rf6 38. Qe2 Kg6 39. g3 Qe6 40. Kg2 Qb6 41. Rf1 Qb8 42. h4 Kg7 43. hxg5 hxg5 44. Rh1 Qb6 45. Rcc1 a4 46. Rh5 Rg6 47. Rch1 axb3 48. axb3 c4 49. bxc4 bxc4 50. Qxc4 Qb2+ 51. Kh3 Qb7 52. Qa2 g4+ 53. fxg4 Qxe4 54. Kh2 Qxg4 55. Rh7+ Kxh7 56. Qxf7+ Kh6 57. Kg2+ Kg5 58. Qe7+ Rf6 59. Qg7+ Rg6 60. Qe7+ Rf6 1/2-1/2

[Event "Frankfurt-ch"]
[Site "Frankfurt"]
[Date "2007.06.11"]
[Round "6"]
[White "Plattner, Rolf"]
[Black "Djakow, Alexander"]
[Result "1-0"]
[WhiteElo "1916"]
[BlackElo "1813"]
[PlyCount "53"]
[EventDate "2007.04.30"]
[EventType "swiss"]
[EventRounds "7"]
[EventCountry "GER"]
[SourceTitle "EXT 2008"]
[Source "ChessBase"]
[SourceDate "2007.11.25"]
[SourceVersion "1"]
[SourceVersionDate "2007.11.25"]
[SourceQuality "1"]

1. d4 d5 2. Nf3 Nf6 3. Bf4 e6 4. e3 Be7 5. c3 Nbd7 6. Bd3 c5 7. Nbd2 0-0 8. Ne5 Ne8 9. Ndf3 f6 10. Qc2 fxe5 11. Bxh7+ Kh8 12. dxe5 g5 13. Bg3 Ng7 14. h4 Nf5 15. hxg5 Kg7 16. Bf4 Rh8 17. 0-0-0 Rxh7 18. Rxh7+ Kxh7 19. g4 Nf8 20. gxf5 exf5 21. Rh1+ Kg8 22. Qd1 Kf7 23. e6+ Bxe6 24. Ne5+ Kg8 25. Qh5 Bf6 26. gxf6 Qxf6 27. Rg1+ 1-0

[Event "Frankfurt-ch"]
[Site "Frankfurt"]
[Date "2005.06.06"]
[Round "6"]
[White "Djakow, Alexander"]
[Black "Scharmann, Hartmut"]
[Result "0-1"]
[WhiteElo "1699"]
[BlackElo "1562"]
[PlyCount "40"]
[EventDate "2005.04.25"]
[EventType "swiss"]
[EventRounds "7"]
[EventCountry "GER"]
[SourceTitle "EXT 2006"]
[Source "ChessBase"]
[SourceDate "2005.11.24"]
[SourceVersion "1"]
[SourceVersionDate "2005.11.24"]
[SourceQuality "1"]

1. d4 Nf6 2. c4 g6 3. Nf3 Bg7 4. Nc3 d6 5. e4 0-0 6. Bd3 Nbd7 7. 0-0 c6 8. Be3 Ng4 9. Bf4 e5 10. dxe5 Ndxe5 11. Nxe5 Nxe5 12. Qc2 Be6 13. Bxe5 dxe5 14. Rad1 Qc7 15. Ne2 Rad8 16. h3 Rd7 17. f4 f5 18. fxe5 Qxe5 19. Nf4 fxe4 20. Nxe6 exd3 0-1